Το δίκαιο της Ευρωπαϊκής Ένωσης
Saved in:
| Main Author: | |
|---|---|
| Other Authors: | |
| Format: | Book |
| Language: | Greek |
| Published: |
Αθήνα :
Νομική Βιβλιοθήκη,
2020.
|
| Edition: | 4η έκδ. |
| Subjects: | |
| Tags: |
Add Tag
No Tags, Be the first to tag this record!
|
MARC
| LEADER | 00000cam a2200000 a 4500 | ||
|---|---|---|---|
| 001 | 1/123178 | ||
| 008 | 210610s2020####gr ||||||| |||| ||gre|| | ||
| 020 | |a 9789606541469 |q (τ. 1) | ||
| 040 | |a GR-MyUa |b gre |c GR-MyUa |e AACR2 | ||
| 041 | 0 | |a gre | |
| 082 | 7 | |a 341.2422 |2 (23) | |
| 100 | 1 | |a Καλαβρός, Γρηγόρης-Ευάγγελος Φ. | |
| 245 | 1 | 3 | |a Το δίκαιο της Ευρωπαϊκής Ένωσης / |c Γ.-Ε. Φ. Καλαβρός, Θ. Γ. Γεωργόπουλος. |
| 250 | |a 4η έκδ. | ||
| 260 | |a Αθήνα : |b Νομική Βιβλιοθήκη, |c 2020. | ||
| 300 | |a τ. ; |c 24 εκ. | ||
| 505 | 8 | |a T. 1. Θεσμικό δίκαιο | |
| 650 | 0 | |a Law |z European Union countries. | |
| 650 | 0 | |a Law |z Greece. | |
| 700 | 1 | |a Γεωργόπουλος, Θεόδωρος Γ. | |
| 852 | |a INST |b LESVOS |c EUDOXUS |e 20210610 |h 341.2422 ΚΑΛ |p 005100063180 |q 005100063180 |t EDX |v τομ.1: |y 0 | ||
| 853 | |a INST |b LESVOS |c EUDOXUS |h 341.2422 ΚΑΛ | ||
| 920 | |a Εύδοξος |b Παραγγελία |y Λέσβος-ΤΚ |z 2021-05 | ||
| 970 | |a Δημάκη |b Μαρία |z 10-06-2021 | ||